George Gershwin : (Record no. 6975)

MARC details
000 -LEADER
fixed length control field 00791nam a22002297a 4500
001 - CONTROL NUMBER
control field 6975
003 - CONTROL NUMBER IDENTIFIER
control field FISKH
005 - DATE AND TIME OF LATEST TRANSACTION
control field 20250612143853.0
008 - FIXED-LENGTH DATA ELEMENTS--GENERAL INFORMATION
fixed length control field 250612b cb ||||| |||| 00| 0 eng d
020 ## - INTERNATIONAL STANDARD BOOK NUMBER
International Standard Book Number 9780516445366
040 ## - CATALOGING SOURCE
Original cataloging agency FISKH
Language of cataloging eng
Transcribing agency FISKH
Modifying agency FISKH
050 ## - LIBRARY OF CONGRESS CALL NUMBER
Classification number ML3930.G29 V46
082 ## - DEWEY DECIMAL CLASSIFICATION NUMBER
Classification number 780.92
100 ## - MAIN ENTRY--PERSONAL NAME
Personal name Venezia, Mike
245 ## - TITLE STATEMENT
Title George Gershwin :
Remainder of title Getting to know the world's greatest composers /
Statement of responsibility, etc. Written and illustrated by Mike Venezia
260 ## - PUBLICATION, DISTRIBUTION, ETC.
Place of publication, distribution, etc. Chicago :
Name of publisher, distributor, etc. Children's Press,
Date of publication, distribution, etc. 1994.
300 ## - PHYSICAL DESCRIPTION
Extent 32 pages :
Other physical details color illustrations ;
Dimensions 25 cm
520 ## - SUMMARY, ETC.
Summary, etc. Clever illustrations and story lines give children a light yet realistic overview of this composer's life and style and music.
650 ## - SUBJECT ADDED ENTRY--TOPICAL TERM
Topical term or geographic name entry element Composers
Form subdivision Music
942 ## - ADDED ENTRY ELEMENTS (KOHA)
Source of classification or shelving scheme Dewey Decimal Classification
Koha item type Books
Suppress in OPAC No
Holdings
Withdrawn status Lost status Source of classification or shelving scheme Damaged status Not for loan Collection Home library Current library Shelving location Date acquired Total Checkouts Full call number Barcode Date last seen Copy number Price effective from Koha item type
    Dewey Decimal Classification     Non-Fiction Footprints International School Library Network Toul Kork Campus Footprints International School Library Network Toul Kork Campus A TK Campus, 4th Floor, Room B401, Non-Fiction Bookcases(7-8) 06/12/2025   VEN 780.92 ML3930.G29 V46 FISTK04778 06/12/2025 1 06/12/2025 Books